书目信息 |
| 题名: |
浑沌学纵横论
|
|
| 作者: | 苗东升 著 | |
| 分册: | ||
| 出版信息: | 北京 中国书籍出版社 2020.01 |
|
| 页数: | 276页 | |
| 开本: | 25cm | |
| 丛书名: | 中国书籍学术之光文库 | |
| 单 册: | ||
| 中图分类: | O415.5 , O159 | |
| 科图分类: | ||
| 主题词: | 混沌理论--hun dun li lun , 模糊数学--mo hu shu xue | |
| 电子资源: | ||
| ISBN: | 978-7-5068-7213-3 | |
| 000 | 01073nam 2200289 450 | |
| 001 | 0106081818 | |
| 005 | 20201106082044.0 | |
| 010 | @a978-7-5068-7213-3@b精装@dCNY99.00 | |
| 100 | @a20200713d2020 em y0chiy50 ea | |
| 101 | 0 | @achi |
| 102 | @aCN@b110000 | |
| 105 | @aa az 000yy | |
| 106 | @ar | |
| 200 | 1 | @a浑沌学纵横论@Ahun dun xue zong heng lun@f苗东升著 |
| 210 | @a北京@c中国书籍出版社@d2020.01 | |
| 215 | @a276页@c图@d25cm | |
| 225 | 2 | @a中国书籍学术之光文库@Azhong guo shu ji xue shu zhi guang wen ku |
| 320 | @a有书目(第270-276页) | |
| 330 | @a本书是作者的一本合集,第一部分是从科学史、科学学、方法史和哲学等不同角度考察浑沌学的论著。第二部分模糊学是根据作者在中国人民大学哲学系和人大分校几次介绍模糊学的讲稿整理而形成的,介绍了这一学科的新鲜思想基本观点和主要方法。 | |
| 461 | 0 | @12001 @a中国书籍学术之光文库 |
| 606 | 0 | @a混沌理论@Ahun dun li lun |
| 606 | 0 | @a模糊数学@Amo hu shu xue |
| 690 | @aO415.5@v5s | |
| 690 | @aO159@v5 | |
| 701 | 0 | @a苗东升@Amiao dong sheng@4著 |
| 801 | 0 | @aCN@bBJSZM@c20201106 |
| 905 | @b1192080-3@dO415.5@e120@f4 | |
| 浑沌学纵横论/苗东升著.-北京:中国书籍出版社,2020.01 |
| 276页:图;25cm.-(中国书籍学术之光文库) |
| ISBN 978-7-5068-7213-3(精装):CNY99.00 |
| 本书是作者的一本合集,第一部分是从科学史、科学学、方法史和哲学等不同角度考察浑沌学的论著。第二部分模糊学是根据作者在中国人民大学哲学系和人大分校几次介绍模糊学的讲稿整理而形成的,介绍了这一学科的新鲜思想基本观点和主要方法。 |
| ● |
| 相关链接 |
|
|
|
|
正题名:浑沌学纵横论
索取号:O415.5/120
 
预约/预借
| 序号 | 登录号 | 条形码 | 馆藏地/架位号 | 状态 | 备注 |
| 1 | 1192080 | 211920803 | 第二样本阅览室/ [索取号:O415.5/120] | 在馆 | |
| 2 | 1192081 | 211920812 | 第三借阅区/ [索取号:O415.5/120] | 在馆 | |
| 3 | 1192082 | 211920821 | 第三借阅区/ [索取号:O415.5/120] | 在馆 |